| 000 | 00585nam a2200205 a 4500 | ||
|---|---|---|---|
| 999 |
_c10958 _d10958 |
||
| 001 | 10958 | ||
| 003 | BD-JhCC | ||
| 005 | 20190706120101.0 | ||
| 008 | 190706s1984 xxua|||| |||| 001 0 eng d | ||
| 035 | _a(BD-JhCC)10958 | ||
| 040 |
_aBD-JhCC _dBD-JhCC |
||
| 041 | _aeng | ||
| 082 |
_a327.51 _bCHI 1984 |
||
| 245 |
_aChina and the world : _bChinese foreign policy in the post-moa era / _cedited by Samuel S. Kim |
||
| 260 |
_aLondon : _bWestview, _c1984 |
||
| 300 |
_axi, 354 p. : _bill.; _c21 cm. |
||
| 650 |
_aForeign relations _zChina |
||
| 700 | _aKim, Samuel S. | ||
| 942 |
_2ddc _cBK |
||